| 000 | 00967nam a22003257a 4500 | ||
|---|---|---|---|
| 001 | BR7803780 | ||
| 003 | BR-BrBNA | ||
| 005 | 20230928085623.0 | ||
| 007 | ta | ||
| 008 | 230509b bl.||||| |||| 00| 0 por d | ||
| 040 |
_aBR-BrBNA _bpor _cBiblioteca Nacional de Agricultura |
||
| 041 | _a(Por) | ||
| 072 |
_aE15; P12; E30 _b/G514 |
||
| 090 | _ E15 BR7803780 | ||
| 100 | 1 | _aAndrade, F.A.F. de | |
| 111 | 1 |
_a4. Congresso Nacional de Irrigacao e Drenagem _cSalvador, BA (Brazil) _d11 Sep 1978 |
|
| 245 | 1 | _aDesapropriacao de areas para irrigacao [Microeconomia; Indenizacao; Projeto agricola; Brasil] | |
| 260 | 3 |
_aSalvador, BA (Brasil): _c1978. |
|
| 300 | _a12 p. | ||
| 500 | _a5 ref.; Summary (Por) | ||
| 650 | _aMicroeconomia | ||
| 650 | _aIrrigacao | ||
| 650 | _aProjeto agricola | ||
| 650 | _aDesapropriacao | ||
| 650 | _aPosse de terra | ||
| 650 | _aIndenizacao | ||
| 650 | _aLegislacao | ||
| 909 |
_a202309 _bLucia _c55 _dLucia Elande |
||
| 942 | _cBK | ||
| 999 |
_c25426 _d25426 |
||